000 00427nam a2200169 a 4500
001 0000-9276
003 ELIB.Books
008 110520 1969
035 _a(ELIB.Books)0000-9428
082 _a241
_bKee
100 _aKeeling, Michael
245 _aWhat is Right?
260 _bNaperville: SCM Press
_c1969
650 _aDictionary of Christian Ethics
942 _2ddc
_cBK
998 _cbat
_e2011-05-20
999 _c9276
_d9276